00382nam a22001337a 4500008004100000040001800041041000800059100001900067245003400086260005400120300001800174650003000192650002600222130821s1933 xxu gr eng  aCo-BoUCMbspa00aeng aBuck, Pearl S.00aThe good earthcPearl S. Buck aNueva York (Estados Unidos)bModern Libraryc1933 a376 páginas04aLiteratura estadounidense04aNovela estadounidense